00638nam a2200181 a 450000100100000000500170001000800410002704000250006808200160009310000250010924501030013425000120023726000770024949000270032650000420035370000340039583000270042900001730420200929165058.0100322s1953 dr 001 0 spa d aDO-SdBNPbspacBNPHU axxxxbJ614m1 aJiménez, R. Emilio10aM. J. Troncoso de la Concha :bantología /cR. Emilio Jiménez ; prólogo R. Emilio Jiménez. a2a. ed. aCiudad Trujillo, República Dominicana :bLibrería Dominicana,c1953.1 aNarraciones dominicana aIncluye notas al pie de las páginas1 aJiménez, R. Emilioepról. 0aNarraciones dominicana